Geography Series #35 - Statistics

General Stats
  • This quiz has been taken 18 times
  • The average score is 16 of 42
Answer Stats
Countries that Have a Monarchy % Correct
Great Britain
93%
Belgium
73%
Denmark
73%
Norway
73%
Spain
73%
Sweden
73%
Monaco
67%
Saudi Arabia
67%
Australia
60%
Japan
60%
Netherlands
60%
Brunei
53%
Canada
53%
New Zealand
53%
Jordan
47%
United Arab Emirates
47%
Luxembourg
40%
Swaziland
40%
Thailand
40%
Bahrain
33%
Barbados
33%
Lesotho
33%
Malaysia
33%
Oman
33%
Vatican City
33%
Bahamas
27%
Bhutan
27%
Kuwait
27%
Liechtenstein
27%
Jamaica
20%
Morocco
20%
Qatar
20%
Saint Kitts and Nevis
20%
Saint Lucia
20%
Saint Vincent and the Grenadines
20%
Belize
13%
Grenada
13%
Papua New Guinea
7%
Solomon Islands
7%
Tonga
7%
Tuvalu
7%
Antigua and Barbuda
0%
No matching quizzes found
Score Distribution
Percent of People with Each Score
Percentile by Number Answered
Your Score History
You have not taken this quiz